[Event "5th Reykjavik op"]
[Site "Reykjavik ISL"]
[Date "1972.02.21"]
[EventDate "1972.02.06"]
[Round "12"]
[Result "0-1"]
[White "Kristjansson, Bragi"]
[Black "Keene, Raymond Dennis"]
[WhiteElo "2270"]
[BlackElo "2465"]
[PlyCount "80"]

1.e4 g6 2.d4 Bg7 3.Nc3 d6 4.Bc4 Nc6 5.Be3 Nf6 6.f3 O-O 7.Nge2
e6 8.Bb3 b6 9.Qd2 Ba6 10.Nf4 Na5 11.d5 exd5 12.exd5 Nd7 13.Nd3
Bxd3 14.Qxd3 Ne5 15.Qe2 Nec4 16.Bxc4 Qh4+ 17.Bf2 Qxc4 18.Qxc4
Nxc4 19.O-O-O Bxc3 20.bxc3 Rfe8 21.Rhe1 f5 22.Rxe8+ Rxe8
23.Re1 Rxe1+ 24.Bxe1 Ne3 25.Bh4 Nxd5 26.Kd2 Kf7 27.c4 Nf6
28.Kd3 Ke6 29.Kd4 c6 30.Bg5 Nd7 31.Bd2 Ne5 32.f4 Nd7 33.Be3
Nf6 34.Bd2 Ne4 35.Be3 Kd7 36.Bc1 Nc5 37.Ba3 Ne6+ 38.Ke3 c5
39.Bb2 Kc6 40.g3 d5 0-1

[Event "5th Reykjavik op"]
[Site "Reykjavik ISL"]
[Date "1972.02.21"]
[EventDate "1972.02.06"]
[Round "12"]
[Result "1/2-1/2"]
[White "Sigurjonsson, Gudmundur"]
[Black "Gheorghiu, Florin"]
[WhiteElo "2500"]
[BlackElo "2530"]
[Source "Revista de Sah 1"]
[PlyCount "26"]

1. e4 c5 2. Nf3 d6 3. Nc3 a6 4. d4 cxd4 5. Nxd4 Nf6 6. f4 e6 7. Qf3 Qb6 8. Nb3
Nc6 9. Be3 Qc7 10. Bd3 b5 11. O-O Bb7 12. Rae1 Be7 13. Kh1 Nb4 {(...)} 1/2-1/2

[Event "5th Reykjavik op"]
[Site "Reykjavik ISL"]
[Date "1972.02.23"]
[EventDate "1972.02.06"]
[Round "13"]
[Result "1-0"]
[White "Gheorghiu, Florin"]
[Black "Solmundarson, Magnus"]
[WhiteElo "2530"]
[BlackElo "2380"]
[PlyCount "64"]

1. d4 Nf6 2. c4 g6 3. Nc3 Bg7 4. e4 d6 5. f3 O-O 6. Be3 b6 7. Bd3 a6 8. Nge2 c5  9. e5 Nfd7 10. exd6 exd6 11. O-O Nc6 12. Be4 Bb7 13. Qd2 Nf6 14. Rad1 Nxe4 15.  Nxe4 Na5 16. b3 Bxe4 17. fxe4 Nc6 18. Bg5 Qe8 19. Bf6 Bxf6 20. Rxf6 Qxe4 21.  Rxd6 Nxd4 22. Nxd4 cxd4 23. Qxd4 Qxd4+ 24. R1xd4 b5 25. c5 Rfe8 26. Kf2 a5 27.  a3 Re5 28. R6d5 Rxd5 29. Rxd5 b4 30. axb4 axb4 31. Ke3 Kf8 32. Kd4 1-0

[Event "5th Reykjavik op"]
[Site "Reykjavik ISL"]
[Date "1972.02.23"]
[EventDate "1972.02.06"]
[Round "13"]
[Result "1-0"]
[White "Stein, Leonid"]
[Black "Kristjansson, Bragi"]
[WhiteElo "2605"]
[BlackElo "2270"]
[Source "Thjodviljinn, 1972.02.25, p. 2"]
[PlyCount "86"]

1. c4 Nf6 2. Nc3 d5 3. d4 g6 4. Nf3 Bg7 5. Bf4 O-O 6. Rc1 c6 7. e3 Be6 8. Ng5
Bg4 9. Qb3 h6 10. Nf3 Bxf3 11. gxf3 dxc4 12. Qxb7 Qb6 13. Qxb6 axb6 14. Bxc4
Nbd7 15. Ke2 Nh5 16. Bg3 Nxg3+ 17. hxg3 c5 18. Rhd1 cxd4 19. exd4 Rfd8 20. Bb3
e6 21. Nb5 Rac8 22. Rc3 Rxc3 23. bxc3 Nb8 24. f4 h5 25. Bc2 Bf6 26. Be4 Rd7 27.
Rb1 Be7 28. a4 Kg7 29. Rb3 Bf8 30. Ke3 Kg8 31. Na3 Ra7 32. Nc4 Rxa4 33. Nxb6
Ra1 34. c4 Na6 35. Nd7 Be7 36. c5 Re1+ 37. Kd3 Rc1 38. Rb6 Nc7 39. Rb7 Nd5 40.
Bxd5 exd5 41. Ne5 Bf6 42. Rd7 g5 43. Kd2 1-0

[Event "5th Reykjavik op"]
[Site "Reykjavik ISL"]
[Date "1972.02.23"]
[EventDate "1972.02.06"]
[Round "13"]
[Result "1/2-1/2"]
[White "Hort, Vlastimil"]
[Black "Timman, Jan"]
[WhiteElo "2605"]
[BlackElo "2445"]
[PlyCount "45"]

1.d4 Nf6 2.c4 e6 3.Nf3 d5 4.Nc3 Bb4 5.cxd5 exd5 6.Bg5 h6
7.Bxf6 Qxf6 8.Qb3 c5 9.e3 O-O 10.a3 Bxc3+ 11.Qxc3 c4 12.b3
cxb3 13.Qxb3 Rd8 14.Bd3 Nc6 15.O-O b6 16.Rfc1 Bg4 17.Nd2 Rac8
18.h3 Bf5 19.Ba6 Rc7 20.Rc3 Na5 21.Qb4 Rxc3 22.Qxc3 Rd6 23.Rc1
1/2-1/2

[Event "5th Reykjavik op"]
[Site "Reykjavik ISL"]
[Date "1972.02.23"]
[EventDate "1972.02.06"]
[Round "13"]
[Result "1-0"]
[White "Olafsson, Fridrik"]
[Black "Torfason, Jon"]
[WhiteElo "2570"]
[BlackElo "2310"]
[Source "https://skaksogufelagid.is (2024)"]
[PlyCount "58"]

1. d4 Nf6 2. c4 e6 3. g3 Bb4+ 4. Nd2 O-O 5. Bg2 d6 6. Ngf3 Qe7 7. O-O Bxd2 8.
Bxd2 e5 9. dxe5 dxe5 10. Bc3 Nc6 11. Qc2 a5 12. Rad1 Re8 13. b3 Ra6 14. Ng5 h6
15. Ne4 Nh7 16. Ba1 f5 17. Nc3 Nd4 18. Qd2 Qf7 19. f4 Nc6 20. e4 Qh5 21. Nd5
Nf6 22. exf5 Bxf5 23. fxe5 Ng4 24. h3 Ngxe5 25. g4 Nxg4 26. hxg4 Bxg4 27. Rde1
Rxe1 28. Rxe1 Ra8 29. Bxg7 1-0

[Event "5th Reykjavik op"]
[Site "Reykjavik ISL"]
[Date "1972.02.23"]
[EventDate "1972.02.06"]
[Round "13"]
[Result "1-0"]
[White "Tukmakov, Vladimir"]
[Black "Thorbergsson, Freysteinn"]
[WhiteElo "2565"]
[BlackElo "2340"]
[Source "Thjodviljinn, 1972.02.25, p. 2"]
[PlyCount "80"]

1. e4 d5 2. exd5 Nf6 3. d4 Nxd5 4. Nf3 g6 5. Be2 Bg7 6. O-O O-O 7. h3 Nc6 8. c4
Nb6 9. Be3 e5 10. d5 e4 11. Nd4 Ne5 12. Qb3 Qh4 13. Nd2 c6 14. Rad1 cxd5 15.
cxd5 Rd8 16. f4 exf3 17. N2xf3 Qg3 18. Ne6 Rxd5 19. Bf4 Nxf3+ 20. Bxf3 Qxf3 21.
Qxf3 Bxe6 22. b3 Rad8 23. Rxd5 Nxd5 24. Rd1 Rd7 25. Bg3 h6 26. Bf2 b6 27. Bd4
Bxd4+ 28. Rxd4 a5 29. Qg3 h5 30. Qe5 Rd8 31. Qe1 Kf8 32. Rc4 Ke7 33. Qe5 Kd7
34. Kh2 Rc8 35. Rd4 Rc5 36. Qb8 Ke7 37. Rc4 Rb5 38. Rc6 Kf6 39. Qd8+ Kg7 40.
Rxe6 1-0

[Event "5th Reykjavik op"]
[Site "Reykjavik ISL"]
[Date "1972.02.24"]
[EventDate "1972.02.06"]
[Round "14"]
[Result "0-1"]
[White "Kristinsson, Jon"]
[Black "Olafsson, Fridrik"]
[WhiteElo "2380"]
[BlackElo "2570"]
[Source "https://skaksogufelagid.is (2024)"]
[PlyCount "70"]

1. d4 Nf6 2. c4 c5 3. d5 g6 4. Nc3 d6 5. e4 Bg7 6. Be2 e6 7. Nf3 O-O 8. O-O
exd5 9. cxd5 a6 10. a4 Bg4 11. Qc2 Nbd7 12. Bf4 Qc7 13. Rfe1 Rfe8 14. Rad1 Rab8
15. h3 Bxf3 16. Bxf3 b5 17. axb5 axb5 18. Be2 c4 19. Bf1 Nh5 20. Be3 Nc5 21.
Bd4 Nd3 22. Bxd3 Bxd4 23. Bf1 Qc5 24. Qd2 Be5 25. Ne2 b4 26. Rc1 Nf6 27. Nf4 c3
28. bxc3 bxc3 29. Qe3 Qxe3 30. fxe3 Nxe4 31. Red1 Bf6 32. Bd3 Nc5 33. Kf2 Rb2+
34. Kf3 Ra8 35. Bb1 0-1

[Event "5th Reykjavik op"]
[Site "Reykjavik ISL"]
[Date "1972.02.24"]
[EventDate "1972.02.06"]
[Round "14"]
[Result "1/2-1/2"]
[White "Kristjansson, Bragi"]
[Black "Hort, Vlastimil"]
[WhiteElo "2270"]
[BlackElo "2605"]
[PlyCount "66"]

1. e4 d6 2. d4 Nf6 3. Nc3 g6 4. f4 Bg7 5. Nf3 O-O 6. Bd3 Nc6 7. e5 dxe5 8. fxe5  Ng4 9. Be4 f6 10. Bd5+ Kh8 11. Bxc6 bxc6 12. h3 Nh6 13. exf6 exf6 14. O-O Nf5  15. Re1 g5 16. Ne4 Re8 17. c3 Be6 18. Qd3 Nd6 19. Bd2 Qb8 20. Nxd6 cxd6 21. b3  Qb5 22. c4 Qb7 23. Re2 Bf7 24. Rae1 d5 25. cxd5 Rxe2 26. Qxe2 Bxd5 27. h4 g4  28. Nh2 f5 29. Qf2 Rf8 30. Bf4 Qb6 31. Be5 Bxe5 32. Rxe5 g3 33. Qxg3 Bxg2  1/2-1/2

[Event "5th Reykjavik op"]
[Site "Reykjavik ISL"]
[Date "1972.02.24"]
[EventDate "1972.02.06"]
[Round "14"]
[Result "1-0"]
[White "Gheorghiu, Florin"]
[Black "Keene, Raymond Dennis"]
[WhiteElo "2530"]
[BlackElo "2465"]
[PlyCount "55"]

1.d4 Nf6 2.c4 g6 3.Nc3 d5 4.Bf4 Bg7 5.Nf3 O-O 6.Rc1 c6 7.e3
Be6 8.Ng5 Bf5 9.Be2 dxc4 10.Bxc4 Nd5 11.Bxd5 cxd5 12.Qb3 Nc6
13.O-O e5 14.dxe5 d4 15.exd4 Qxd4 16.Nd5 Nxe5 17.Rcd1 Qc5
18.Ne3 Bc8 19.Rd5 Qc7 20.Rxe5 Bxe5 21.Nd5 Qd6 22.Ne4 Qe6
23.Re1 Bxf4 24.Nef6+ Kh8 25.Rxe6 Bxe6 26.Qb4 Bh6 27.Qh4 Kg7
28.Nh5+ 1-0

[Event "5th Reykjavik op"]
[Site "Reykjavik ISL"]
[Date "1972.02.26"]
[EventDate "1972.02.06"]
[Round "15"]
[Result "1/2-1/2"]
[White "Stein, Leonid"]
[Black "Gheorghiu, Florin"]
[WhiteElo "2605"]
[BlackElo "2530"]
[PlyCount "83"]

1.e4 c5 2.Nf3 d6 3.d4 cxd4 4.Nxd4 Nf6 5.Nc3 Nc6 6.Bc4 e6 7.Be3
Be7 8.Bb3 O-O 9.f4 Nxd4 10.Bxd4 b5 11.e5 dxe5 12.fxe5 Nd7
13.Qg4 b4 14.Ne4 Bb7 15.Nd6 Bxd6 16.exd6 Nf6 17.Qg3 Nh5 18.Qe5
Bxg2 19.Rg1 Qh4+ 20.Bf2 Qe4+ 21.Qxe4 Bxe4 22.Bh4 Bc6 23.O-O-O
Nf4 24.Rg4 Ng6 25.Rxb4 a5 26.Rbd4 a4 27.Bc4 e5 28.Rg4 Bf3
29.Rxg6 hxg6 30.Rf1 Rfc8 31.Rxf3 Rxc4 32.Be7 Ra7 33.Rd3 Rd7
34.b3 axb3 35.axb3 Rc8 36.c4 f6 37.Kc2 Kf7 38.Kc3 f5 39.b4 f4
40.c5 Rxe7 41.dxe7 Kxe7 42.Rd5 1/2-1/2

[Event "5th Reykjavik op"]
[Site "Reykjavik ISL"]
[Date "1972.02.26"]
[EventDate "1972.02.06"]
[Round "15"]
[Result "1/2-1/2"]
[White "Hort, Vlastimil"]
[Black "Sigurjonsson, Gudmundur"]
[WhiteElo "2605"]
[BlackElo "2500"]
[Source "Thjodviljinn, 1972.02.29, p. 3"]
[PlyCount "66"]

1. c4 g6 2. Nc3 c5 3. g3 Bg7 4. Bg2 Nc6 5. d3 d6 6. Bd2 Bd7 7. a3 a5 8. Nf3 Nf6
9. Qc1 Nd4 10. Nxd4 cxd4 11. Nd5 Nxd5 12. Bxd5 Bc6 13. Bxc6+ bxc6 14. b4 a4 15.
Rb1 O-O 16. b5 c5 17. h4 e5 18. h5 Qe7 19. hxg6 hxg6 20. Bh6 f5 21. Bxg7 Qxg7
22. Qg5 Qf6 23. Qh6 Qg7 24. Kd2 Kf7 25. Qg5 Rh8 26. b6 Rab8 27. Kc2 Ke6 28.
Rxh8 Rxh8 29. b7 Rb8 30. f4 Kd7 31. fxe5 Qxe5 32. Kd2 Qe6 33. Qh6 1/2-1/2

[Event "5th Reykjavik op"]
[Site "Reykjavik ISL"]
[Date "1972.02.26"]
[EventDate "1972.02.06"]
[Round "15"]
[Result "1-0"]
[White "Olafsson, Fridrik"]
[Black "Timman, Jan"]
[WhiteElo "2570"]
[BlackElo "2445"]
[PlyCount "89"]

1.Nf3 Nf6 2.c4 e6 3.Nc3 Bb4 4.g3 b6 5.Bg2 Bb7 6.d3 O-O 7.e4 d5
8.e5 Nfd7 9.cxd5 Bxd5 10.O-O Bxc3 11.bxc3 c5 12.d4 Nc6 13.Ng5
h6 14.Bxd5 exd5 15.Nh3 Re8 16.Be3 Nf8 17.Qh5 cxd4 18.cxd4 Qd7
19.Nf4 Rac8 20.Rab1 Ne7 21.Qe2 Rc4 22.Nh5 Nh7 23.g4 Nc6
24.Rbd1 Ng5 25.Ng3 g6 26.f4 Nh7 27.f5 Qe7 28.fxg6 fxg6 29.Qd3
Kg7 30.Kh1 Qh4 31.Qe2 Nd8 32.Qg2 Qxg4 33.h3 Qe6 34.Nh5+ Kg8
35.Nf4 Qf5 36.Qxd5+ Qf7 37.e6 Qb7 38.Qxb7 Nxb7 39.d5 Re4
40.Bc1 g5 41.Nh5 Nd6 42.Ba3 Nc4 43.e7 Ne5 44.Rf8+ Nxf8 45.Nf6+
1-0

[Event "5th Reykjavik op"]
[Site "Reykjavik ISL"]
[Date "1972.02.26"]
[EventDate "1972.02.06"]
[Round "15"]
[Result "1-0"]
[White "Andersson, Ulf"]
[Black "Kristinsson, Jon"]
[WhiteElo "2510"]
[BlackElo "2380"]
[PlyCount "137"]

1.Nf3 d5 2.b3 Nf6 3.Bb2 e6 4.g3 Be7 5.Bg2 O-O 6.O-O Nbd7 7.c4
b6 8.Nc3 Bb7 9.d3 c5 10.e3 Re8 11.Qe2 Bf8 12.d4 cxd4 13.exd4
Rc8 14.Rac1 Bb4 15.Ne5 Bxc3 16.Rxc3 Ba6 17.Rd1 Nxe5 18.dxe5
Nd7 19.Qd2 Nxe5 20.cxd5 exd5 21.Rxc8 Bxc8 22.Qxd5 Qxd5 23.Rxd5
Ng6 24.h4 Be6 25.Rd6 h6 26.Bb7 Bf5 27.Bc3 Nf8 28.b4 f6 29.a4
Re7 30.Bd5+ Be6 31.Bc6 Kf7 32.a5 bxa5 33.bxa5 Rc7 34.Bb4 Bd7
35.Bf3 g6 36.Bd2 h5 37.Be3 Bc8 38.Rd3 Ne6 39.Rb3 Ke7 40.Rb8
Kd7 41.Ra8 a6 42.Bb6 Rc4 43.Ra7+ Kd6 44.Rf7 Ke5 45.Kg2 g5
46.Rh7 gxh4 47.Rxh5+ f5 48.Rxh4 Rc2 49.Rh1 Bd7 50.Re1+ Kf6
51.Re2 Rc1 52.Be3 Rc4 53.Rd2 Bb5 54.Rd6 Ke7 55.Rb6 Ra4 56.Rb7+
Kf6 57.Bd2 Ra3 58.Rb6 Rd3 59.Bc1 Rd7 60.Be3 Ke7 61.Rxb5 axb5
62.a6 Rd3 63.a7 Nc7 64.Bb6 Rxf3 65.Kxf3 Na8 66.Ba5 Ke6 67.Kf4
Kf6 68.f3 Ke6 69.Kg5 1-0